Dr. Jekyll and Mr. Hyde

Bibliographic Details
Main Author: Stevenson, Robert Louis
Format: Book
Published: United Kingdom : Ladybird Books , 19-
Subjects:

MARC

LEADER 00000cam a2200000 7i4500
001 0000007039
002 000007577
005 20000330.0
020 |a 0721408842 
090 0 0 |a JF   |b STE 
100 1 |a Stevenson, Robert Louis 
245 1 0 |a Dr. Jekyll and Mr. Hyde   |c Robert Louis Stevenson 
260 |a United Kingdom :   |b Ladybird Books ,   |c 19- 
300 |a 51p. :   |b ill. ;   |c 18cm. 
650 0 0 |a Children's stories 
999 |a 021113   |b BUKU   |c PINJAMAN   |e PERPUSTAKAAN KOMUNITI PETALING JAYA